Statystyki dla Na których poziomach występuje najwięcej diaxów minecraft

Kliknij tutaj aby rozwiązać quiz!

Ogólne statystyki

  • Ten quiz został rozwiązany 23 razy
  • Średni wynik to 2 z 15

Statystyki odpowiedzi

Poziom YIlość Diamentów na 100 tys kratek% Poprawnych
141111
65%
16115
40%
15661
15%
51104
10%
101161
10%
61215
10%
81227
10%
71243
10%
2283
10%
3531
10%
91132
5%
131209
5%
111246
5%
121255
5%
4766
5%

Rozkład punktacji

Percentyl według liczby udzielonych odpowiedzi

Procent ludzi z każdym wynikiem

Twoja historia wyników

Nie rozwiązałeś tego quizu